000 01175nam a2200265Ia 4500
003 OSt
005 20221005104111.0
006 a|||||r|||| 00| 0
007 ta
008 221004b |||||||| |||| 00| 0 san d
020 _a9789387968110 (hbk)
_cINR 500.00
024 _a66093
037 _bGV727, 11/03/2020, Vani Prakashan
_cTextual
040 _aCRL
_cCRL
_bsan
041 _2san
_asan
082 _aO15:g(Delta25), 152Q8
100 _aश्रीवास्तव, शंभूनाथ, ले.
245 0 _aभारतीय संस्कृति के रक्षक संत
_b 712 ई. से 1947 के पराधीन काल के उद्धारक
246 _aBhāratīya sanskṛuti ke rakṣhak santa: 712 īse 1947 ke parādhīn kāl ke uddhāraka
260 _aदिल्ली
_bज्ञान गंगा भारत
_c2018
300 _a240पृ0
_ccm.
650 _aसंस्कृत साहित्य
942 _hO15:g(Delta25), 152Q8
_cTEXL
_2cc
999 _c1011712
_d1011712